00877cam a2200265 a 450000100100000000500170001000800410002702000150006804000300008308200250011310000370013824500540017525000110022926000320024030000210027249000290029365000280032265000310035083000380038191000330041991000070045204900090045995201280046899900150059600000787020200929154329.0820924s1990 sp 000 f spa d a8420480037 aDO-SdBNPbspacDLCdBNPHU a863.64bD568es, 19901 aDíez, Luis Mateo,d1942-9476314aLas estaciones provinciales /cLuis Mateo Díez. a5a ed. aMadrid :bAlfaguara,c1990. a265 p. ;c22 cm.1 aAlfaguara hispánicav7 4aNovela española91123 4aLiteratura española9632 0aAlfaragua hispánica ;v7921650 aCatalogación derivada / LC aWM aBNGR 001054708MOaGRbGRcHDd2009-09-11iLF1l0o863.64 D568es, 1990p7870-10r2020-06-25w2020-06-25y4ZPréstamo en sala c7648d7648